MDQL
is popping MORE tags! Check the
thread
!
Quizzes
Events
Quiz Creation
Community
Videos
Private Events
Remove Ads
Sign In
Join for FREE
Feedback
Dark Mode
Quiz Categories
Sports
Geography
Music
Movies
Television
Just For Fun
Miscellaneous
History
Literature
Language
Science
Gaming
Entertainment
Religion
Holiday
For Kids
Quiz Lab
Recent
Popular Today
Quiz Kudos Today
Editor Picks
Curator Picks
Quizzes by...
Day
Popularity
Type
Ratings
Length
Year
Community
Subscriptions
Recent Discussions
Orange Saloon
Badges
Playlists
Quests
Create
Leaderboards
Showdown
Live 5
Trivia Bingo
Activity
Puzzle Library
Sporcle Events
Private Events
Virtual Trivia
Globe League
Become a Host
Pub Owners
SporcleCon
Opinionation
Our Games
Videos
Blog
Mobile Apps
Partnerships
Remove Ads and Go Orange
Feedback
Music
Pop Music
The Beatles
Song
Album
Lyrics
Bands
Singers
Artist
Clip
Rock
Rap
Classical
Billboard
Country Music
Kpop
Taylor Swift
Music
Pop Music
The Beatles
Song
Album
Lyrics
Bands
Singers
Artist
Clip
Rock
Rap
Classical
Billboard
Country Music
Kpop
Taylor Swift
Random Quiz
Search Sporcle
×
Quiz Lab
Quiz Lab
Music
Kpop
Type in answers that appear in a list
Type in answers that appear in a list
Classic
Best Score? Go Orange.
Name the Kpop Rookies (2014-2016) Stats
Can you name these Kpop Rookies (2014-2016)?
By
shikshin_sy
18m
207 Questions
373 Plays
373 Plays
373 Plays
Comments
Comments
Give Quiz Kudos
Give Quiz Kudos
-
- Ratings
hide this ad
More Info
Replay
Link that replays current quiz
Next Quiz
Link to next quiz in quiz playlist
You Got
0%
They Got
Avg Score
66%
Avg Friend Score
Upgrade to see
Score Distribution
Jump to the score distribution portion of the page
Score
0/207
Timer
18:00
0
Plays Today
Hint
Answer
% Correct
GOT7
Mark
99.7%
NCT U
Mark
99.7%
NCT 127
Mark
99.7%
NCT Dream
Mark
99.7%
GOT7
Jinyoung
98.9%
GOT7
Jackson
98.9%
GOT7
JB
98.9%
GOT7
Bambam
98.1%
Lovelyz
Jin
97.3%
GOT7
Yugyeom
97.1%
Seventeen
Jun
97.1%
Black Pink
Rosé
96.8%
Lovelyz
Jisoo
96.5%
Red Velvet
Wendy
96.5%
Black Pink
Jisoo
96.5%
Black Pink
Lisa
96.5%
Red Velvet
Irene
96.2%
GOT7
Youngjae
96%
Red Velvet
Yeri
95.7%
Red Velvet
Joy
95.7%
iKon
B.I
95.7%
Twice
Momo
95.2%
Madtown
H.O
94.6%
Seventeen
Woozi
94.6%
Red Velvet
Seulgi
94.4%
iKon
Bobby
94.4%
Seventeen
Vernon
94.4%
Black Pink
Jennie
94.4%
Seventeen
Joshua
93.3%
Twice
Mina
92.8%
Gugudan
Mina
92.8%
I.O.I
Mina
92.8%
Twice
Tzuyu
92.5%
Mamamoo
Solar
92.2%
Seventeen
Jeonghan
92.2%
Seventeen
S.Coups
92.2%
Twice
Sana
92%
Seventeen
Dino
91.7%
Seventeen
Hoshi
91.4%
Seventeen
The8
91.4%
Seventeen
Mingyu
91.2%
NCT U
Taeyong
90.9%
NCT 127
Taeyong
90.9%
Day6
Jae
90.6%
Twice
Jihyo
90.1%
Seventeen
Wonwoo
90.1%
Mamamoo
Hwasa
89.8%
Twice
Dahyun
89.8%
Winner
Mino
89.8%
Seventeen
DK
89.5%
Monsta X
Shownu
89.3%
Seventeen
Seungkwan
89.3%
Twice
Nayeon
88.7%
Monsta X
I.M
88.7%
Monsta X
Minhyuk
88.5%
NCT U
Ten
86.9%
Mamamoo
Moonbyul
85.8%
Mamamoo
Wheein
85%
Monsta X
Wonho
85%
NCT U
Taeil
84.7%
NCT 127
Taeil
84.7%
NCT 127
Winwin
84.5%
GFriend
SinB
84.2%
Astro
Jin Jin
84.2%
Monsta X
Jooheon
83.9%
Astro
Eunwoo
83.9%
Astro
Rocky
83.6%
Monsta X
Kihyun
83.1%
Astro
Sanha
83.1%
Hint
Answer
% Correct
GFriend
Yuju
82.6%
Astro
Moonbin
82.6%
Twice
Jeongyeon
82.3%
I.O.I
Somi
82%
NCT 127
Yuta
82%
Monsta X
Hyungwon
81.8%
NCT U
Jaehyun
81.2%
NCT 127
Jaehyun
81.2%
Twice
Chaeyoung
81%
GFriend
Eunha
81%
iKon
Junhoe
81%
Astro
MJ
81%
GFriend
Umji
80.7%
Winner
Seungyoon
80.2%
iKon
Chanwoo
79.9%
Winner
Seunghoon
79.1%
NCT U
Doyoung
79.1%
Winner
Jinwoo
78.3%
NCT 127
Haechan
78%
NCT Dream
Haechan
78%
NCT Dream
Chenle
78%
GFriend
Sowon
77.7%
iKon
Donghyuk
77.5%
iKon
Jinhwan
76.9%
GFriend
Yerin
75.9%
NCT Dream
Jisung
74%
AKMU
Suhyun
73.2%
NCT Dream
Jaemin
72.1%
NCT Dream
Renjun
71.8%
Day6
Young K
71.6%
NCT Dream
Jeno
71.6%
AKMU
Chanhyuk
70.5%
CLC
Sorn
70.2%
iKon
Yunhyeong
69.7%
UP10TION
Xiao
69.7%
DIA
Chaeyeon
68.9%
I.O.I
Chaeyeon
68.9%
Lovelyz
Kei
66.5%
Lovelyz
Baby Soul
66.5%
Day6
Wonpil
66.5%
UP10TION
Wooshin
66.2%
I.O.I
Jieqiong
65.1%
UP10TION
Wei
63.5%
I.O.I
Chungha
63.5%
I.O.I
Sohye
63%
Cosmic Girls
Cheng Xiao
62.7%
Gugudan
Sejeong
61.9%
I.O.I
Sejeong
61.9%
UP10TION
Kuhn
61.7%
Gugudan
Nayoung
61.1%
I.O.I
Nayoung
61.1%
UP10TION
Bitto
60.9%
Cosmic Girls
Exy
60.9%
CLC
Seunghee
59.2%
Oh My Girl
Seunghee
59.2%
I.O.I
Doyeon
59.2%
I.O.I
Yoojung
58.4%
KNK
Seungjun
58.2%
Oh My Girl
Yooa
57.9%
Madtown
Jota
57.4%
Oh My Girl
Mimi
57.1%
Gugudan
Mimi
57.1%
UP10TION
Sunyoul
56.8%
KNK
Inseong
56.8%
UP10TION
Kogyeol
56.6%
Oh My Girl
Binnie
56.3%
UP10TION
Hwanhee
56.3%
UNIQ
Seungyoun
56%
Cosmic Girls
Yeonjung
55.2%
Hint
Answer
% Correct
I.O.I
Yeonjung
55.2%
Day6
Dowoon
54.7%
UNIQ
Yibo
53.6%
Lovelyz
Mijoo
53.4%
CLC
Elkie
53.4%
Lovelyz
Yein
52.8%
UP10TION
Jinhoo
52.3%
Lovelyz
Jiae
50.9%
Day6
Sungjin
50.9%
KNK
Heejun
50.4%
UP10TION
Gyujin
50.1%
Oh My Girl
Arin
49.9%
Cosmic Girls
Luda
49.9%
KNK
Jihun
48.8%
Oh My Girl
Jiho
48.5%
Cosmic Girls
Bona
48.3%
Cosmic Girls
Mei Qi
47.7%
CLC
Seungyeon
47.5%
KNK
Youjin
46.6%
Cosmic Girls
Dawon
45.8%
Oh My Girl
Jine
45.6%
Madtown
Moos
44.8%
CLC
Eunbin
44.5%
Cosmic Girls
Seola
44%
Lovelyz
Sujeong
43.2%
Oh My Girl
Hyojung
42.6%
Cosmic Girls
Xuan Yi
42.1%
Cosmic Girls
Dayoung
41.6%
DIA
Huihyeon
41%
Cosmic Girls
Yeoreum
41%
Madtown
Buffy
40.2%
UNIQ
Wenhan
40.2%
Laboum
Solbin
39.9%
CLC
Yeeun
39.9%
Cosmic Girls
Eunseo
39.7%
Gugudan
Sally
39.4%
CLC
Yujin
38.9%
UNIQ
Yixuan
38.9%
Cosmic Girls
Soobin
38.3%
UNIQ
Sungjoo
37.3%
Sonamoo
New sun
37.3%
Sonamoo
D.ana
35.9%
Gugudan
Hana
35.1%
Laboum
ZN
34.9%
Gugudan
Hyeyeon
33.8%
Imfact
Jeup
33.8%
DIA
Eunjin
33.2%
Madtown
Lee Geon
33%
Madtown
Daewon
32.7%
Sonamoo
High.D
31.6%
Madtown
Heo jun
31.4%
DIA
Jenny
30.6%
DIA
Eunice
29.5%
Imfact
Ungjae
29.5%
Laboum
Soyeon
29.2%
Sonamoo
Nahyun
28.4%
DIA
Yebin
27.3%
Gugudan
Haebin
27.3%
Imfact
Taeho
27.3%
Imfact
Sang
27.3%
Laboum
Yulhee
26.8%
Imfact
Jian
26.8%
Sonamoo
Sumin
26.5%
DIA
Eunchae
26%
Gugudan
Soyee
25.7%
Laboum
Haein
24.9%
Sonamoo
Euijin
24.7%
Sonamoo
Minjae
24.4%
Laboum
Yujeong
24.1%
Quiz Playlist
Details
Report
Send in Message
Add To Playlist
More Info:
Can you name the Name the Kpop Rookies (2014-2016)?
Classic:
Type in answers that appear in a list
Last Updated: Jun 24, 2017
Quiz Scoreboard
CHALLENGE
Sign Up to Join the Scoreboard
Show All
Scores
Hide
Comments
May contain spoilers
Recently Published
Colored Red Africa Blitz
by spor1
Geography
30s
Find the 'City' Movie
by crazypaving
Movies
60s
5x2 Blitz: Bands
by SL_Kpop136
Music
30s
More to Explore
Quiz From the Vault
Featured Blog Post
14 Easter Pick-up Lines to Find Eggs With
hide this ad
You Might Also Like...
Tags
Kpop Quiz
Today's Top Quizzes in Music
Browse Music
hide this ad
Today's Top Quizzes in Kpop
Browse Kpop
Top Contributed Quizzes in Music
1
5X2 Blitz: Bands II
2
Taylor Swift Logic Puzzle II
3
Taylor Swift All Songs (2024)
4
5X2 Blitz: The Beatles
5
5X2 Blitz: Billboard
6
5X2 Blitz: Singers
7
5X2 Blitz: Album
8
5X2 Blitz: Rock
9
Music Artist by Three 2010s hits
10
5X2 Blitz: Billboard II
Explore More
Trending Topics
Harry Potter
NBA
Crossword
Disney
Marvel
Anime
Kpop
Song
Puzzle
WWE
The Office
Soccer
Country
NFL
Pokémon
hide this ad
More By:
shikshin_sy
Quiz
Plays
Rating
Category
Featured
Created
How Many Members
8,877
2.93
Music
Feb 21, 2017
LOONA: Oldest to Youngest
4,914
5.00
Music
Jul 4, 2019
Name the Foreign Kpop Idols
1,749
4.86
Music
Mar 30, 2018
TREASURE: Oldest to Youngest
1,727
5.00
Music
Aug 23, 2020
Guess the Twice member without seeing their faces
1,369
4.20
Music
Feb 7, 2017
Go to Creator's Profile
Score Distribution
Quiz Creator Spotlight
shikshin_sy
Follow
Send a Message
Quizzes Created
-
Created Quiz Play Count
-
More By This Creator
Popular Quizzes Today
1
Find the 'City' Movie
2
5x2 Blitz: Bands
3
Colored Red Africa Blitz
4
Find the US States - No Outlines Minefield
5
The Countries of the World
6
Find the US States
7
9x9 Crossword: Cartoon Network
8
US States
More Music Quizzes
Taylor Swift 'Labyrinth' Lyrics
Quiz Lab
Trending Quizzes
Colored Red Europe Blitz I
Colored Red Africa Blitz II
Colored Red Europe Blitz III
Colored Red Europe Blitz II
Colored Red Africa Blitz III
Recently Updated
Champions League XIs: Real Madrid
pecheneg
Largest US Cities 1790-2010
pecheneg
Rides in Walt Disney World
pecheneg
Most Oscar Losses (Acting)
pecheneg
Beyoncé Albums
pecheneg
Leaping Animals
pecheneg
Reality TV Shows (A-Z)
bhenderson79
Rickey Henderson's Hall of Fame Teammates
pecheneg
Champions League XIs: Arsenal
pecheneg
Quick Pick: Celebrities in WWE's Hall of Fame
aduchscher
Trending Topics
Harry Potter
Marvel
Kpop
Disney
Anime
NBA
Crossword
Song
NFL
Puzzle
Pokémon
The Office
WWE
Country
Soccer
Your Account Isn't Verified!
In order to create a playlist on Sporcle, you need to verify the email address you used during registration. Go to your
Sporcle Settings
to finish the process.
Report this User
Report this user for behavior that violates our
Community Guidelines
.
Details:
Send Report
Go to the Sporcle.com Mobile Site →
Comments